| 000 | 00770cam a2200265 a 4500 | ||
|---|---|---|---|
| 001 | 17045618 | ||
| 003 | OSt | ||
| 005 | 20160614110418.0 | ||
| 008 | 111115s2012 enkab b 001 0 eng | ||
| 010 | _a 2011943534 | ||
| 020 | _a9780199608959 | ||
| 040 | _aSEKU | ||
| 042 | _apcc | ||
| 050 | 0 | 0 |
_aQH 87.3 _b.V35 2012 |
| 100 | 1 | _aValk, Arnoud van der. | |
| 245 | 1 | 4 |
_aThe biology of freshwater wetlands / _cArnold G. van der Valk. |
| 250 | _a2nd ed. | ||
| 260 |
_aOxford ; _aNew York : _bOxford University Press, _c2012. |
||
| 300 |
_axiii, 280 p. : _bill., maps ; _c24 cm. |
||
| 440 | 0 | _aBiology of habitats | |
| 504 | _aIncludes bibliographical references (p. [259]-274) and index. | ||
| 650 | 0 | _aWetlands. | |
| 650 | 0 | _aWetland ecology. | |
| 942 |
_2lcc _cGEN |
||
| 999 |
_c15204 _d15204 |
||